Tutti gli Stati che hanno controllato Tunisi - Statistics

Statistiche generali
  • Questo quiz è stato fatto 7 volte
  • Il punteggio medio è 25 su 34
Statistiche sulle risposte
con Immagini Hint Risposta % Corretto
1944 Alleati (USA, UK, Francia Libera)
100%
814 a.C. - 539 a.C. Civiltà Fenicia
100%
534 - 698 Impero Bizantino
100%
1881 - 1942 Impero Coloniale Francese (Protettorato della Tunisia)
100%
1944 - 1956 Impero Coloniale Francese (Protettorato della Tunisia)
100%
1534 - 1535 Impero Ottomano
100%
1569 - 1573 Impero Ottomano
100%
1574 - 1881 Impero Ottomano
100%
27 a.C. - 395 Impero Romano
100%
395 - 435 Impero Romano d'Occidente
100%
1535 - 1569 Impero Spagnolo
100%
1573 - 1574 Impero Spagnolo
100%
539 a.C. - 480 a.C. Regno di Cartagine
100%
1270 Regno di Francia
100%
1942 - 1943 Regno d'Italia
100%
480 a.C. - 146 a.C. Repubblica di Cartagine
100%
1957 - Oggi Repubblica di Tunisia
100%
146 a.C. - 27 a.C. Repubblica Romana
100%
698 - 745 Califfato Omàyyade
83%
435 - 534 Regno dei Vandali
83%
755 - 773 Califfato Abbasside
67%
793 - 800 Califfato Abbasside
67%
1956 - 1957 Regno di Tunisia
67%
909 - 970 Imamato Fatimide
50%
1148 - 1160 Regno di Sicilia
50%
1160 - 1229 Califfato Almohade
33%
800 - 909 Emirato Aghlabide
33%
1229 - 1270 Sultanato Hafside
33%
1270 - 1347 Sultanato Hafside
33%
1348 - 1534 Sultanato Hafside
33%
745 - 755 Emirato Fihride
17%
773 - 793 Emirato Muhallabide
17%
970 - 1148 Emirato Ziride
17%
1347 - 1348 Sultanato Merinide
17%
Nessun quiz corrispondente trovato
Distribuzione punteggi
Percentuale di utenti per punteggio
Percentile per numero di risposta
I tuoi punteggi nel tempo
Non hai fatto questo quiz